000 00280nam a2200121Ia 4500
008 231129s9999||||xx |||||||||||||| ||spa||
040 _bspa
082 _a194 T264e
100 _aTeilhard de Chardin Pierre
245 0 _aLa energia humana
264 _aTaurus
942 _2ddc
_cBKS
999 _c16958
_d16958